00966nam a2200277 a 45000010008000000030004000080050017000120080041000290100017000700200015000870400013001020420010001150430012001250500026001372450147001632600067003103000035003775000016004125000044004285040041004726500067005137000021005807000020006017000025006217100042006463977034OSt20150917124251.0950126s1994 ke a b 000 0 eng  a 94982120  a996646607X aDLCcDLC alcode afb-----00aHB74.9.A357bP48 199400aPhD education in economics in sub-Saharan Africa : blessons and prospects /cedited by Jeffrey C. Fine, William Lyakurwa, Anne Gordon Drabek. aNairobi, Kenya :bEast African Educational Publishers,cc1994. axxvi, 184 p. :bill. ;c21 cm. a"May 1994." a"African Economic Research Consortium." aIncludes bibliographical references. 0aEconomicsxStudy and teaching (Graduate)zAfrica, Sub-Saharan.1 aFine, Jeffrey C.1 aLyakurwa, W. M.1 aDrabek, Anne Gordon.2 aAfrican Economic Research Consortium.